Countries that Start with T - Shape Quiz - Statistics

General Stats
  • This quiz has been taken 48 times
  • The average score is 10 of 11
Answer Stats
Picture Answer % Correct
Thailand
97%
Turkey
97%
Turkmenistan
92%
Tuvalu
92%
Taiwan
89%
Trinidad and Tobago
89%
Tanzania
86%
Togo
83%
Tajikistan
78%
Tonga
75%
Tunisia
75%
No matching quizzes found
Score Distribution
Percent of People with Each Score
Percentile by Number Answered
Your Score History
You have not taken this quiz